|
|
|
|
| LEADER |
00951cam a2200217 7i4500 |
| 001 |
0000020964 |
| 005 |
20181030090000.0 |
| 020 |
|
|
|a 9781401878856 (pbk.)
|
| 020 |
|
|
|a 1401878857 (pbk.)
|
| 090 |
0 |
0 |
|a QA76.76.C672
|b K73 2006
|
| 100 |
1 |
|
|a Krawczyk, Marianne
|
| 245 |
1 |
0 |
|a Game development essentials :
|b game story & character development
|c Marianne Krawczyk, Jeannie Novak.
|
| 260 |
|
|
|a Australia:
|b Thomson/Delmar Learning,
|c 2006.
|
| 300 |
|
|
|a xxiii, 264 p.:
|b col. ill.;
|c 26 cm..
|
| 501 |
|
|
|a With DVD : Game development essentials : game story & character development / Marianne Krawczyk, Jeannie Novak
|
| 650 |
0 |
0 |
|a Computer games --
|x Design
|
| 650 |
0 |
0 |
|a Computer games --
|x Programming
|
| 700 |
1 |
|
|a Novak, Jeannie
|
| 997 |
|
|
|a Communication, Visual Art & Computing, Faculty
|b Visual Art, Department
|
| 999 |
|
|
|a 0000030254
|b BOK
|c OPEN SHELF
|e 2nd Floor, Bestari Jaya
|
| 999 |
|
|
|a DVD0000016
|b DVD-ROM
|c OPEN SHELF
|e Circulation Counter, Shah Alam
|